000 00639nam a2200217 i 4500
001 8907
003 ES-MaACL
005 20230906145548.0
007 t|
008 921112s1969 uy ||||1| spa d
080 _a86.0(899)-14"19"
080 _a86.0(899)(Anastasia,L.V.7 M.01)
100 1 _aAnastasía, Luis Víctor.
_921379
245 1 0 _aMi casa es como la tuya, hermano /
_cLuis V. Anastasia.
260 _aMontevideo :
_bAlfa,
_c[1969 ?] (
_g1969 imp.)
300 _a73 p. ;
_c18 cm.
490 1 _aColección Carabela
830 0 _aColección Carabela
_9181430
852 _aES-MaACL
_jL-16295
_bR.120966
999 _c8907
_d8907